00421cam a2200157ua 45000010005000000080039000050400009000440820013000531000030000662450050000962500009001462600037001553000017001926530027002096530027002363396111022n ii |||gr||||Z||||||asm cMAIN a891.45131 aBuragohain, Pratash Lata,11aHridoy nodit dhoucby Pratash Lata Buragohain a1st. aDibrugarh:bIndrani Prakash,994. a100p:c23cm. aAssamese short stories aCirakaler galpa kotha